[Event "SVK-ch U16"]
[Site "Tatralandia"]
[Date "2015.04.25"]
[Round "9"]
[White "Haris, Darius"]
[Black "Kuna, Martin"]
[Result "1-0"]
[WhiteElo "1535"]
[BlackElo "1762"]
[PlyCount "41"]
[EventDate "2015.04.18"]
[EventType "swiss"]
[EventRounds "9"]
[EventCountry "SVK"]
[SourceTitle "CBM 166 Extra"]
[Source "ChessBase"]
[SourceDate "2015.06.18"]
[SourceVersion "1"]
[SourceVersionDate "2015.06.18"]
[SourceQuality "1"]

1. e4 e6 2. d4 d5 3. Nc3 dxe4 4. Nxe4 Nd7 5. Nf3 Ngf6 6. Nxf6+ Nxf6 7. Bb5+ Bd7 8. Qe2 a6 9. Bd3 c5 10. dxc5 Bxc5 11. 0-0 0-0 12. Bg5 Rb8 13. Rad1 Be7 14. Ne5 Nd5 15. Bxe7 Qxe7 16. Nxd7 Qxd7 17. c4 Nf4 18. Bxh7+ Kxh7 19. Qc2+ Nd3 20. Rxd3 Qc8 21. Rh3+ 1-0

[Event "SVK-ch U16"]
[Site "Tatralandia"]
[Date "2015.04.19"]
[Round "2"]
[White "Stevlik, Richard"]
[Black "Haris, Darius"]
[Result "1/2-1/2"]
[WhiteElo "1169"]
[BlackElo "1535"]
[PlyCount "65"]
[EventDate "2015.04.18"]
[EventType "swiss"]
[EventRounds "9"]
[EventCountry "SVK"]
[SourceTitle "CBM 166 Extra"]
[Source "ChessBase"]
[SourceDate "2015.06.18"]
[SourceVersion "1"]
[SourceVersionDate "2015.06.18"]
[SourceQuality "1"]

1. d4 d5 2. e3 Nf6 3. c4 e6 4. Nf3 Nbd7 5. c5 Be7 6. Bd3 0-0 7. Nc3 Re8 8. Qc2 h6 9. h3 Bf8 10. g4 e5 11. dxe5 Nxe5 12. Nxe5 Rxe5 13. Ne2 Ne4 14. b4 Qh4 15. Bxe4 dxe4 16. Bb2 Re8 17. Ng3 Qe7 18. 0-0-0 Bd7 19. Rhg1 Rad8 20. Qc3 Qg5 21. Rd2 Bc6 22. Rgd1 Rxd2 23. Rxd2 Rd8 24. Rxd8 Qxd8 25. Nf5 Ba4 26. Qd4 Qxd4 27. Bxd4 g6 28. Ng3 Bc6 29. Be5 Bg7 30. Bxc7 Bc3 31. a3 Kf8 32. Ne2 Bg7 33. Bd6+ 1/2-1/2

[Event "Tatabanya Regional-ch"]
[Site "Tatabanya"]
[Date "2014.12.28"]
[Round "3"]
[White "Joba, Arpad"]
[Black "Haris, Darius"]
[Result "1-0"]
[WhiteElo "1887"]
[BlackElo "1521"]
[PlyCount "113"]
[EventDate "2014.12.27"]
[EventType "swiss"]
[EventRounds "7"]
[EventCountry "HUN"]
[SourceTitle "CBM 164 Extra"]
[Source "ChessBase"]
[SourceDate "2015.03.02"]
[SourceVersion "1"]
[SourceVersionDate "2015.03.02"]
[SourceQuality "1"]

1. e4 e5 2. Nf3 Nc6 3. Bb5 a6 4. Ba4 Nf6 5. 0-0 b5 6. Bb3 Be7 7. Re1 d6 8. c3 Na5 9. Bc2 c5 10. d4 Qc7 11. d5 0-0 12. h3 Bd7 13. b3 Rfe8 14. Bg5 Qc8 15. Nbd2 Qd8 16. Nf1 Nh5 17. Be3 Nf6 18. Ng3 Rf8 19. Nh2 Ne8 20. Rf1 Bh4 21. Nf5 Bxf5 22. exf5 Bf6 23. Qd2 Nb7 24. Kh1 h6 25. Nf3 Be7 26. g4 f6 27. Be4 Qd7 28. Rfb1 Nc7 29. Rb2 Rfb8 30. b4 c4 31. a4 Kf7 32. Rba2 Qc8 33. Nh4 Ke8 34. Ng6 Kd7 35. Kg2 Ne8 36. h4 Nc7 37. h5 Nd8 38. Ra3 Nf7 39. f4 Qe8 40. R1a2 Qd8 41. Qc1 Qc8 42. fxe5 Kd8 43. e6 Ng5 44. Bxg5 hxg5 45. Nh8 Ke8 46. Nf7 Bf8 47. a5 Ra7 48. Qe3 Rab7 49. Qd4 Na8 50. h6 Rxf7 51. h7 Re7 52. h8Q Qc7 53. Kg3 Qc8 54. Rh2 Reb7 55. Qg8 Qd8 56. Rh8 Ke7 57. Qf7# 1-0

[Event "SVK-ch U14"]
[Site "Stara Lubovna"]
[Date "2014.04.08"]
[Round "5"]
[White "Haris, Darius"]
[Black "Bango, Dominik"]
[Result "1-0"]
[WhiteElo "1495"]
[BlackElo "1462"]
[PlyCount "69"]
[EventDate "2014.04.05"]
[EventType "swiss"]
[EventRounds "9"]
[EventCountry "SVK"]
[SourceTitle "EXT 2016"]
[Source "ChessBase"]
[SourceDate "2015.10.08"]
[SourceVersion "1"]
[SourceVersionDate "2015.10.08"]
[SourceQuality "1"]

1. e4 e5 2. Nf3 Nc6 3. Bc4 Bc5 4. Nc3 Nf6 5. d3 h6 6. Be3 Bb6 7. a3 d6 8. h3 0-0 9. b4 a6 10. 0-0 Be6 11. Ba2 Ne7 12. Re1 Ng6 13. Qd2 Bxe3 14. fxe3 Qd7 15. Rf1 Rfc8 16. Bxe6 Qxe6 17. Rab1 b5 18. Rfe1 c5 19. Ne2 Rc7 20. Rbc1 c4 21. Red1 d5 22. exd5 Nxd5 23. dxc4 Nf6 24. c5 Rd7 25. Qe1 Rad8 26. Rxd7 Rxd7 27. Rd1 Rxd1 28. Qxd1 Qa2 29. Qd8+ Kh7 30. c6 Qe6 31. c7 Ne7 32. Qxe7 Qxe7 33. c8Q Nd5 34. Qc6 Nxe3 35. Qe4+ 1-0

[Event "SVK-ch U14"]
[Site "Stara Lubovna"]
[Date "2014.04.07"]
[Round "4"]
[White "Gogora, Kristian"]
[Black "Haris, Darius"]
[Result "1/2-1/2"]
[WhiteElo "1218"]
[BlackElo "1495"]
[PlyCount "71"]
[EventDate "2014.04.05"]
[EventType "swiss"]
[EventRounds "9"]
[EventCountry "SVK"]
[SourceTitle "EXT 2016"]
[Source "ChessBase"]
[SourceDate "2015.10.08"]
[SourceVersion "1"]
[SourceVersionDate "2015.10.08"]
[SourceQuality "1"]

1. d4 d5 2. c4 e6 3. Nc3 Nf6 4. Bg5 Nbd7 5. e3 Be7 6. Nf3 b6 7. cxd5 exd5 8. Bd3 Bb7 9. 0-0 0-0 10. a3 c5 11. Bb5 h6 12. Bh4 Qc7 13. Qa4 Rfd8 14. Ba6 Qc8 15. Bxb7 Qxb7 16. Rac1 Re8 17. Ne2 Rac8 18. Rc2 Qc6 19. Qxc6 Rxc6 20. Rfc1 Rec8 21. a4 Bd8 22. Bg3 Ne4 23. Bf4 Nef6 24. b4 c4 25. b5 Re6 26. Ne5 Nxe5 27. Bxe5 Re7 28. Bxf6 gxf6 29. Ng3 Rd7 30. Nf5 Kh7 31. f3 Bc7 32. e4 Re8 33. g3 Bd6 34. Re2 Kg6 35. Nh4+ Kh7 36. exd5 1/2-1/2

[Event "SVK-ch U12"]
[Site "Lubovnianske Kupele"]
[Date "2012.03.17"]
[Round "1"]
[White "Sustek, Radoslav"]
[Black "Haris, Darius"]
[Result "1/2-1/2"]
[WhiteElo "1670"]
[BlackElo "1160"]
[PlyCount "57"]
[EventDate "2012.03.17"]
[EventType "swiss"]
[EventRounds "9"]
[EventCountry "SVK"]
[SourceTitle "CBM 147 Extra"]
[Source "ChessBase"]
[SourceDate "2012.04.24"]
[SourceVersion "1"]
[SourceVersionDate "2012.04.24"]
[SourceQuality "1"]

1. e4 e5 2. Nf3 Nc6 3. Bc4 Bc5 4. 0-0 Nf6 5. d4 exd4 6. e5 d5 7. exf6 dxc4 8. Re1+ Be6 9. Ng5 Qxf6 10. Nxe6 fxe6 11. Qh5+ Qf7 12. Qxc5 0-0-0 13. Qxc4 Rhf8 14. f3 Qg6 15. Nd2 Rde8 16. b4 Rf5 17. Bb2 Ne5 18. Qb3 Rd8 19. Qa3 Kb8 20. b5 b6 21. Re4 Rxf3 22. Nxf3 Qxe4 23. Rf1 Nxf3+ 24. Rxf3 Qxc2 25. Bxd4 Qd1+ 26. Rf1 Qxd4+ 27. Kh1 Qd1 28. Rg1 e5 29. Qe7 1/2-1/2